Sborník Katedry kybernetiky Vysokej školy ekonomickej v Bratislave

Salvato in:
Dettagli Bibliografici
Ente Autore: Vysoká škola ekonomická v Bratislave
Natura: Libro
Lingua:slovacco
Pubblicazione: Bratislava Slovenské pedagogické nakladateľstvo 1967
Tags: Aggiungi Tag
Nessun Tag, puoi essere il primo ad aggiungerne!!

MARC

LEADER 00000nam a2200000 4500
001 c141962
005 20210816115703.1
041 0 |a slo 
044 |a SK 
245 1 0 |a Sborník Katedry kybernetiky Vysokej školy ekonomickej v Bratislave 
264 1 |a Bratislava  |b Slovenské pedagogické nakladateľstvo  |c 1967 
300 |a 163 s. 
710 2 |a Vysoká škola ekonomická v Bratislave